[Event "XIV Open"]
[Site "Saint Vincent - Chatillon ITA"]
[Date "2006.10.05"]
[Round "6"]
[White "Pepino, Enrico"]
[Black "Belabbas, Abdellah"]
[Result "1-0"]
[WhiteElo "2187"]
[BlackElo "1691"]
[PlyCount "101"]
[EventDate "2006.09.30"]

1. e4 c5 2. Nf3 d6 3. d4 cxd4 4. Nxd4 Nf6 5. Nc3 a6 6. Be3 e6 7. f3 Be7 8. Qd2
b5 9. g4 Bd7 10. g5 Nh5 11. Nce2 g6 12. Ng3 e5 13. Nde2 Ng7 14. Nc3 Ne6 15. Rd1
Nc6 16. Bg2 Ncd4 17. Nge2 Nxe2 18. Nxe2 O-O 19. h4 Rc8 20. Nc3 Re8 21. Nd5 Bf8
22. Nf6+ Kh8 23. h5 Re7 24. c3 Rc6 25. Bh3 Qc8 26. Qh2 Bg7 27. Bxe6 Bxf6 28.
Bxd7 Rxd7 29. gxf6 Qd8 30. hxg6 fxg6 31. Qh4 Rc4 32. Bh6 Kg8 33. f7+ Kxf7 34.
Bg5 Qg8 35. Qxh7+ Qxh7 36. Rxh7+ Ke6 37. Rxd7 Kxd7 38. Ke2 Rc7 39. Rh1 Kc6 40.
Rh6 Ra7 41. f4 exf4 42. Bxf4 a5 43. Rh8 Re7 44. Kd3 Re6 45. Rc8+ Kd7 46. Rf8 a4
47. a3 Kc6 48. Kd4 Kd7 49. Kd5 Ke7 50. Re8+ Kxe8 51. Kxe6 1-0

[Event "XIV Open"]
[Site "Saint Vincent - Chatillon ITA"]
[Date "2006.10.05"]
[Round "6"]
[White "Piscopo, Pierluigi"]
[Black "Poletti, Fausto"]
[Result "1-0"]
[WhiteElo "2393"]
[BlackElo "2096"]
[PlyCount "31"]
[EventDate "2006.09.30"]

1. e4 c5 2. Nf3 Nc6 3. Bb5 g6 4. c3 Bg7 5. d4 cxd4 6. cxd4 Qb6 7. Nc3 Nxd4 8.
Nd5 Nxf3+ 9. Qxf3 Qd8 10. Bf4 e5 11. Qc3 f6 12. Be3 b6 13. Nc7+ Kf8 14. Nxa8
Bb7 15. Nc7 Ne7 16. Rd1 1-0

[Event "XIV Open"]
[Site "Saint Vincent - Chatillon ITA"]
[Date "2006.10.05"]
[Round "6"]
[White "Rossi, Giampiero"]
[Black "Iacchetti, Giovanni"]
[Result "1-0"]
[WhiteElo "2011"]
[BlackElo "1804"]
[PlyCount "97"]
[EventDate "2006.09.30"]

1. d4 d6 2. c4 f5 3. Nf3 Nf6 4. g3 g6 5. Bg2 Bg7 6. O-O O-O 7. Nc3 Qe8 8. b3
Na6 9. Bb2 c6 10. Qd2 Bd7 11. Rad1 Nc7 12. Rfe1 h6 13. Qc2 Qf7 14. e3 Ne4 15.
Nd2 Nf6 16. Nf1 g5 17. f4 g4 18. Rd2 h5 19. Nd1 Ne4 20. Bxe4 fxe4 21. Qxe4 d5
22. Qd3 Bf5 23. Qe2 Bf6 24. Nf2 Qg6 25. e4 dxe4 26. Nxe4 Bg7 27. Nc5 b6 28. Nd3
Rad8 29. Ne5 Qh6 30. Ne3 Bc8 31. Red1 Bxe5 32. dxe5 Rxd2 33. Qxd2 h4 34. Qg2 h3
35. Qe4 c5 36. f5 Bb7 37. Qxg4+ Kf7 38. e6+ Ke8 39. Qf4 Qxf4 40. gxf4 Rg8+ 41.
Kf2 Be4 42. Rg1 Rxg1 43. Kxg1 b5 44. Be5 bxc4 45. bxc4 Kd8 46. Kf2 a5 47. Kg3
a4 48. Bxc7+ Kxc7 49. a3 1-0

[Event "XIV Open"]
[Site "Saint Vincent - Chatillon ITA"]
[Date "2006.10.05"]
[Round "6"]
[White "Sarno, Spartaco"]
[Black "Rotstein, Arkadij"]
[Result "1/2-1/2"]
[WhiteElo "2363"]
[BlackElo "2521"]
[PlyCount "105"]
[EventDate "2006.09.30"]

1. e4 c5 2. Nf3 e6 3. d3 Nc6 4. g3 d5 5. Nbd2 g6 6. Bg2 Bg7 7. O-O Nf6 8. exd5
Nxd5 9. Nb3 b6 10. c4 Nde7 11. d4 Ba6 12. dxc5 Bxc4 13. Re1 Qxd1 14. Rxd1 O-O
15. Nfd4 Nxd4 16. Nxd4 Rad8 17. Bg5 Rxd4 18. Bxe7 Re8 19. Bd6 Rd8 20. Rxd4 Bxd4
21. Rc1 bxc5 22. Bxc5 Bxa2 23. b4 Rc8 24. Bb7 Rc7 25. Ba6 Bd5 26. Kf1 Bf3 27.
Ke1 Rd7 28. Be2 Bxe2 29. Kxe2 Rc7 30. Rc4 Bxc5 31. bxc5 Kf8 32. Kd3 a5 33. Rc2
Ke7 34. Kc4 Kd7 35. Rd2+ Kc8 36. Kb5 Rb7+ 37. Kc6 a4 38. Rd4 Ra7 39. Kb6 Ra8
40. c6 Rb8+ 41. Kc5 Rb2 42. Rxa4 Rxf2 43. Ra8+ Kc7 44. Ra7+ Kb8 45. Rb7+ Kc8
46. Ra7 h5 47. h4 Rf3 48. Kd6 Rd3+ 49. Ke7 f5 50. Kxe6 Rxg3 51. Kd6 Rd3+ 52.
Ke5 Re3+ 53. Kd6 1/2-1/2

[Event "XIV Open"]
[Site "Saint Vincent - Chatillon ITA"]
[Date "2006.10.05"]
[Round "6"]
[White "Testa, Adriano"]
[Black "Marguerettaz, Davy"]
[Result "0-1"]
[WhiteElo "1729"]
[BlackElo "1700"]
[PlyCount "98"]
[EventDate "2006.09.30"]

1. e4 e5 2. Nf3 Nc6 3. Bc4 Bc5 4. c3 Qe7 5. O-O Nf6 6. Re1 d6 7. h3 O-O 8. d3
Be6 9. Bb3 Rad8 10. Nbd2 Bxb3 11. axb3 a6 12. Qe2 Rfe8 13. Nf1 Nh5 14. g3 Qd7
15. Kg2 d5 16. N3h2 Nf6 17. Bg5 Be7 18. Bxf6 Bxf6 19. Ng4 Re6 20. Rad1 d4 21.
c4 Be7 22. f4 Bb4 23. f5 Rd6 24. Nd2 b6 25. Rf1 Bxd2 26. Qxd2 f6 27. h4 Qf7 28.
Nh2 Qh5 29. Qf2 a5 30. g4 Qe8 31. Qd2 Nb4 32. Kh1 c5 33. Rf3 Qf8 34. Rg1 Kf7
35. g5 Ke8 36. Rfg3 fxg5 37. Rxg5 R8d7 38. Ng4 h6 39. Rg6 Rxg6 40. fxg6 Qf3+
41. Qg2 Qxg2+ 42. Rxg2 Nxd3 43. Rd2 Nf4 44. Nxe5 Re7 45. Nf7 Nxg6 46. Nd6+ Kd7
47. Nf5 Rxe4 48. h5 Nh4 49. Nxg7 Re1+ 0-1

[Event "XIV Open"]
[Site "Saint Vincent - Chatillon ITA"]
[Date "2006.10.05"]
[Round "6"]
[White "Trifunovic, Dusan"]
[Black "Della Penna, Vincenzo"]
[Result "0-1"]
[WhiteElo "1985"]
[BlackElo "1527"]
[PlyCount "38"]
[EventDate "2006.09.30"]

1. d4 Nf6 2. Nc3 g6 3. e4 d6 4. Nf3 Bg7 5. Bg5 O-O 6. Qd2 Nc6 7. h4 Bg4 8. Ng1
h5 9. f3 Bc8 10. O-O-O Nh7 11. Bh6 e5 12. d5 Ne7 13. g4 hxg4 14. h5 f5 15. Bxg7
Kxg7 16. hxg6 Kxg6 17. Qh6+ Kf7 18. Qxh7+ Ke8 19. Qg6+ Nxg6 0-1

[Event "XIV Open"]
[Site "Saint Vincent - Chatillon ITA"]
[Date "2006.10.05"]
[Round "6"]
[White "Zaccaria, Sonia"]
[Black "Perrone, Samuel"]
[Result "0-1"]
[WhiteElo "1413"]
[BlackElo "1401"]
[PlyCount "138"]
[EventDate "2006.09.30"]

1. d4 Nf6 2. Nf3 e6 3. e3 b6 4. Nc3 Bb7 5. g3 c5 6. Bg2 d5 7. Bd2 Nc6 8. Qe2 a5
9. Qb5 c4 10. Ne5 Rc8 11. Na4 Nd7 12. Nxd7 Qxd7 13. Nxb6 Qc7 14. Nxc8 Qxc8 15.
Bxa5 Ba6 16. Qa4 Qb7 17. c3 Bb5 18. Qd1 Nxa5 19. O-O Bc6 20. b3 cxb3 21. axb3
Nxb3 22. Rb1 Ba4 23. Qd3 Bd6 24. e4 O-O 25. Rfe1 Rb8 26. e5 Be7 27. h4 Bb5 28.
Qe3 Bc4 29. Bf1 Bxf1 30. Rxf1 Qa6 31. h5 Qa2 32. Rbe1 Nd2 33. Re2 Nxf1 34. Rxa2
Nxe3 35. fxe3 g6 36. Ra7 Bf8 37. hxg6 hxg6 38. Ra4 Rb3 39. c4 dxc4 40. Rxc4
Rxe3 41. Kf2 Rb3 42. g4 Kg7 43. Ke2 Rg3 44. d5 exd5 45. Rd4 Kg8 46. Rxd5 Rxg4
47. Kf3 Rh4 48. Kg3 Rh5 49. Kf4 Bh6+ 50. Ke4 Bg7 51. Rd8+ Kh7 52. Rd5 Rh4+ 53.
Kf3 g5 54. Rd7 Kh6 55. Rxf7 Bxe5 56. Re7 Rf4+ 57. Kg2 Rf5 58. Kh3 Bf4 59. Kg4
Rd5 60. Re6+ Kg7 61. Kh5 Kf7 62. Re4 Rd8 63. Ra4 Kf6 64. Kg4 Rd3 65. Ra6+ Ke5
66. Ra5+ Ke4 67. Ra8 Rg3+ 68. Kh5 Rh3+ 69. Kg4 Rh4# 0-1

[Event "XIV Open"]
[Site "Saint Vincent - Chatillon ITA"]
[Date "2006.10.06"]
[Round "7"]
[White "Anfuso, Luigi"]
[Black "Trifunovic, Dusan"]
[Result "0-1"]
[WhiteElo "1485"]
[BlackElo "1985"]
[PlyCount "96"]
[EventDate "2006.09.30"]

1. d4 Nf6 2. Nf3 d5 3. c4 Bg4 4. Ne5 Be6 5. cxd5 Bxd5 6. Nc3 e6 7. Nxd5 exd5 8.
Qb3 Qc8 9. Bg5 c6 10. Bxf6 gxf6 11. Nd3 Bd6 12. e3 Qc7 13. g3 h5 14. h4 Nd7 15.
Be2 O-O-O 16. O-O-O f5 17. Kb1 Nf6 18. Bf3 Ne4 19. Bxe4 fxe4 20. Nf4 Kb8 21.
Rc1 Bxf4 22. gxf4 Rdg8 23. Rcg1 Rg4 24. Qd1 Rhg8 25. Rxg4 Rxg4 26. Rg1 f5 27.
Rxg4 fxg4 28. Qc1 b6 29. b4 Kb7 30. a3 Qe7 31. Qh1 a5 32. bxa5 Qxa3 33. axb6
Qd3+ 34. Ka1 Qa6+ 35. Kb1 Qxb6+ 36. Ka1 Qa6+ 37. Kb1 Qd3+ 38. Ka1 Kc7 39. Qb1
g3 40. Qg1 gxf2 41. Qxf2 Qd1+ 42. Ka2 Qf3 43. Qe1 Kd7 44. Kb3 Qg2 45. Kc3 Qa2
46. Qd2 Qc4+ 47. Kb2 Qf1 48. Kc2 Ke6 0-1

[Event "XIV Open"]
[Site "Saint Vincent - Chatillon ITA"]
[Date "2006.10.06"]
[Round "7"]
[White "Belabbas, Abdellah"]
[Black "Rossi, Giampiero"]
[Result "0-1"]
[WhiteElo "1691"]
[BlackElo "2011"]
[PlyCount "101"]
[EventDate "2006.09.30"]

1. d4 d5 2. e4 dxe4 3. Nc3 e5 4. d5 Nf6 5. f3 exf3 6. Nxf3 Bd6 7. Bg5 h6 8. Bh4
Bf5 9. Bc4 Nbd7 10. O-O O-O 11. Bb3 Bh7 12. Qe2 Qe7 13. Rad1 a6 14. Bg3 e4 15.
Bxd6 Qxd6 16. Nd4 Rae8 17. Kh1 Re5 18. Ne6 Re8 19. h3 Nc5 20. Rxf6 gxf6 21.
Qg4+ Bg6 22. Qf4 Nxb3 23. Qxh6 R8xe6 24. dxe6 Qxe6 25. cxb3 e3 26. Ne2 Qf5 27.
Nf4 Qg5 28. Qxg5 fxg5 29. Nxg6 fxg6 30. Kh2 Kf7 31. Kg3 Kf6 32. Kf3 e2 33. Re1
Kf5 34. g4+ Kf6 35. Rxe2 Rxe2 36. Kxe2 Ke5 37. Ke3 c5 38. Kf3 Kd4 39. Kg3 Ke3
40. h4 gxh4+ 41. Kxh4 Kf4 42. a3 a5 43. g5 Kf5 44. a4 Kf4 45. Kh3 Kxg5 46. Kg3
Kf5 47. Kf3 g5 48. Kg3 g4 49. Kg2 Kf4 50. Kf2 g3+ 51. Kg2 0-1

[Event "XIV Open"]
[Site "Saint Vincent - Chatillon ITA"]
[Date "2006.10.06"]
[Round "7"]
[White "Bruno, Fabio"]
[Black "Godena, Michele"]
[Result "0-1"]
[WhiteElo "2388"]
[BlackElo "2528"]
[PlyCount "74"]
[EventDate "2006.09.30"]

1. Nf3 d5 2. d4 Nf6 3. e3 e6 4. Bd3 c5 5. c3 Nbd7 6. Nbd2 Qc7 7. O-O Be7 8. Qe2
O-O 9. e4 dxe4 10. Nxe4 b6 11. Bg5 Bb7 12. Rfe1 Rad8 13. Rad1 Rfe8 14. Nxf6+
Bxf6 15. Bxf6 Nxf6 16. Bb5 Rf8 17. dxc5 Qxc5 18. Ba6 Ba8 19. Ne5 Rd5 20. Rxd5
Qxd5 21. f3 Rd8 22. Bc4 Qc5+ 23. Qf2 Qc7 24. Bb3 Ne4 25. fxe4 Qxe5 26. Qe3 g6
27. Re2 Bc6 28. Bc2 Rd6 29. g3 Qb5 30. b3 Qe5 31. Kf2 Rd7 32. h4 Bb5 33. Rd2
Qf6+ 34. Kg2 Qf1+ 35. Kh2 Qc1 36. Bd3 Bxd3 37. Qf4 e5 0-1

[Event "XIV Open"]
[Site "Saint Vincent - Chatillon ITA"]
[Date "2006.10.06"]
[Round "7"]
[White "Della Penna, Vincenzo"]
[Black "Mazzetta, Renato"]
[Result "1/2-1/2"]
[WhiteElo "1527"]
[BlackElo "1822"]
[PlyCount "44"]
[EventDate "2006.09.30"]

1. c4 e5 2. Nc3 Nc6 3. g3 g6 4. Bg2 Bg7 5. d3 Nge7 6. Nf3 d6 7. O-O O-O 8. a3
Bg4 9. Rb1 Qd7 10. Ne1 Bh3 11. e4 Bxg2 12. Nxg2 Nd4 13. Be3 Nec6 14. f4 f5 15.
b4 Rae8 16. Qd2 Ne6 17. Ne2 Ncd4 18. Bxd4 Nxd4 19. Nxd4 exd4 20. exf5 Qxf5 21.
Rbe1 Qd7 22. Nh4 c5 1/2-1/2

[Event "XIV Open"]
[Site "Saint Vincent - Chatillon ITA"]
[Date "2006.10.06"]
[Round "7"]
[White "Epishin, Vladimir V."]
[Black "Borgo, Giulio"]
[Result "1-0"]
[WhiteElo "2555"]
[BlackElo "2414"]
[PlyCount "60"]
[EventDate "2006.09.30"]

1. d4 Nf6 2. c4 e6 3. Nf3 d5 4. e3 c6 5. Nbd2 Nbd7 6. g3 b6 7. Bg2 a5 8. O-O
Ba6 9. b3 Be7 10. Bb2 O-O 11. Rc1 Rc8 12. Rc2 Rc7 13. Qa1 Qb8 14. Rfc1 Rfc8 15.
a4 Bb7 16. Ne5 c5 17. cxd5 Bxd5 18. Bxd5 exd5 19. Qb1 Qb7 20. Nd3 cxd4 21. Rxc7
Rxc7 22. Rxc7 Qxc7 23. Bxd4 Ne4 24. Qd1 Qc6 25. Nf4 Bf6 26. Nxe4 dxe4 27. Bxf6
gxf6 28. Kg2 Kf8 29. Qd4 Nc5 30. Nd5 Kg7 1-0

[Event "XIV Open"]
[Site "Saint Vincent - Chatillon ITA"]
[Date "2006.10.06"]
[Round "7"]
[White "Gauer, Jacques"]
[Black "Labarthe, Arnaud"]
[Result "1-0"]
[WhiteElo "1973"]
[BlackElo "2044"]
[PlyCount "115"]
[EventDate "2006.09.30"]

1. e4 d5 2. exd5 Nf6 3. c4 e6 4. dxe6 Bxe6 5. d4 Bb4+ 6. Bd2 Bxd2+ 7. Qxd2 Qe7
8. Qe3 Nc6 9. Be2 Qb4+ 10. Qc3 Nxd4 11. Qxb4 Nc2+ 12. Kd2 Nxb4 13. Kc3 Nc6 14.
Nd2 O-O-O 15. Ngf3 Rhe8 16. Rhe1 h6 17. h3 Bf5 18. Rad1 g5 19. g4 Be4 20. Bf1
Bxf3 21. Nxf3 Ne4+ 22. Kc2 Rxd1 23. Rxd1 Nxf2 24. Rd2 Ne4 25. Re2 Re7 26. Bg2
f6 27. a3 Nc5 28. Rxe7 Nxe7 29. Nd4 c6 30. b4 Nd7 31. Be4 Ne5 32. Kc3 Kd7 33.
a4 b6 34. Bg2 N5g6 35. Kd2 Nf4 36. Bf1 Kd6 37. Ke3 Ne6 38. Ne2 c5 39. b5 Ke5
40. Nc1 Nf4 41. Nb3 Nc8 42. a5 Nd6 43. a6 Ne4 44. Bd3 Nxd3 45. Kxd3 Nf2+ 46.
Ke3 Nxh3 47. Nxc5 Nf4 48. Nd7+ Kd6 49. Nxb6 Kc5 50. Nd7+ Kxc4 51. b6 Nd5+ 52.
Ke4 axb6 53. a7 Nc7 54. Nxb6+ Kc5 55. a8=Q Nxa8 56. Nxa8 Kc6 57. Kf5 Kd5 58.
Nc7+ 1-0

[Event "XIV Open"]
[Site "Saint Vincent - Chatillon ITA"]
[Date "2006.10.06"]
[Round "7"]
[White "Iacchetti, Giovanni"]
[Black "Baloire, Endy"]
[Result "1-0"]
[WhiteElo "1804"]
[BlackElo "1506"]
[PlyCount "45"]
[EventDate "2006.09.30"]

1. b3 e5 2. Bb2 Nc6 3. e3 a6 4. c4 Nf6 5. Nf3 d6 6. Be2 Be7 7. O-O O-O 8. a3 a5
9. Nc3 h6 10. d4 exd4 11. exd4 d5 12. Ne5 Nxe5 13. dxe5 Nd7 14. Nxd5 Re8 15.
Nxe7+ Qxe7 16. f4 f6 17. Bh5 Rd8 18. Qe2 fxe5 19. fxe5 Nb6 20. Bf7+ Kh8 21. e6
Nd7 22. Qh5 Nf8 23. Qxh6+ 1-0

[Event "XIV Open"]
[Site "Saint Vincent - Chatillon ITA"]
[Date "2006.10.06"]
[Round "7"]
[White "Marguerettaz, Davy"]
[Black "Broekman, Willem"]
[Result "0-1"]
[WhiteElo "1700"]
[BlackElo "2151"]
[PlyCount "104"]
[EventDate "2006.09.30"]

1. e4 e6 2. d4 d5 3. Nc3 Bb4 4. e5 c5 5. a3 Bxc3+ 6. bxc3 Ne7 7. Nf3 Qa5 8. Bd2
Nbc6 9. Bd3 Bd7 10. O-O O-O-O 11. c4 Qc7 12. cxd5 Nxd5 13. c4 Nde7 14. Bg5 Be8
15. d5 exd5 16. cxd5 Rxd5 17. Bxe7 Nxe7 18. Qb3 Rd8 19. Rfc1 b6 20. a4 Bc6 21.
Ba6+ Bb7 22. Bxb7+ Kxb7 23. Ng5 Nc6 24. Nxf7 Nd4 25. Nxd8+ Rxd8 26. Qe3 Re8 27.
f4 g5 28. Qe4+ Kb8 29. a5 b5 30. Rf1 gxf4 31. Rxf4 b4 32. Raf1 Qxe5 33. Qxe5+
Rxe5 34. Rf8+ Kb7 35. R8f7+ Ka6 36. R1f6+ Kxa5 37. Rxa7+ Kb5 38. Rb7+ Kc4 39.
Rxh7 b3 40. Rb7 Re1+ 41. Rf1 Rxf1+ 42. Kxf1 Nb5 43. Re7 b2 44. Re1 Kd3 45. h4
Nd4 46. Kf2 Nf5 47. h5 c4 48. g4 c3 49. gxf5 c2 50. h6 c1=Q 51. h7 Qxe1+ 52.
Kxe1 b1=Q+ 0-1

[Event "XIV Open"]
[Site "Saint Vincent - Chatillon ITA"]
[Date "2006.10.06"]
[Round "7"]
[White "Mazza, Maurizio"]
[Black "Martinez, Guido"]
[Result "0-1"]
[WhiteElo "1700"]
[BlackElo "1969"]
[PlyCount "36"]
[EventDate "2006.09.30"]

1. e4 e5 2. Nf3 Nc6 3. d4 exd4 4. Nxd4 Nf6 5. Nxc6 bxc6 6. Bd3 Bc5 7. O-O d6 8.
h3 h6 9. Re1 O-O 10. c3 Re8 11. a4 a5 12. Nd2 Bd7 13. Nb3 Bb6 14. Bf4 Be6 15.
Nd4 Nd7 16. Nxe6 Rxe6 17. Qd2 Qh4 18. Bg3 Qxg3 0-1

[Event "XIV Open"]
[Site "Saint Vincent - Chatillon ITA"]
[Date "2006.10.06"]
[Round "7"]
[White "Mondon, Fabrice"]
[Black "Calzolari, Giampietro"]
[Result "1/2-1/2"]
[WhiteElo "2001"]
[BlackElo "1890"]
[PlyCount "90"]
[EventDate "2006.09.30"]

1. e4 e6 2. d4 d5 3. e5 c5 4. c3 Nc6 5. Nf3 Qb6 6. a3 c4 7. Be2 Na5 8. Nbd2 Bd7
9. O-O Ne7 10. Rb1 Ng6 11. g3 h6 12. Re1 O-O-O 13. b3 cxb3 14. c4 Ba4 15. c5
Qc7 16. Bb2 Ne7 17. Rc1 Kb8 18. Nb1 Rc8 19. Nc3 Qc6 20. Nxa4 Qxa4 21. Bd3 Nec6
22. Qe2 a6 23. Bc3 Be7 24. Bxa5 Nxa5 25. Red1 Rc6 26. Qb2 Rhc8 27. Nd2 Ka7 28.
Nb1 Nc4 29. Bxc4 dxc4 30. Nc3 Qa5 31. Ne4 b5 32. Nc3 f6 33. f4 fxe5 34. fxe5
Bg5 35. Ra1 Be3+ 36. Kg2 Rf8 37. Rf1 Rxf1 38. Rxf1 Bxd4 39. Nxb5+ Qxb5 40. Rf7+
Rc7 41. Rxc7+ Kb8 42. Qxd4 Kxc7 43. Qd6+ Kb7 44. Qe7+ Kb8 45. Qd6+ Kb7 1/2-1/2

[Event "XIV Open"]
[Site "Saint Vincent - Chatillon ITA"]
[Date "2006.10.06"]
[Round "7"]
[White "Perrone, Samuel"]
[Black "Didoni, Renato"]
[Result "0-1"]
[WhiteElo "1401"]
[BlackElo "2076"]
[PlyCount "64"]
[EventDate "2006.09.30"]

1. e4 d6 2. d4 g6 3. Nf3 Bg7 4. Nc3 c6 5. Bf4 Nf6 6. Bd3 Nh5 7. Be3 Nd7 8. O-O
Qc7 9. a3 e5 10. dxe5 dxe5 11. Qe2 Nf8 12. h3 Ne6 13. g3 Nd4 14. Bxd4 exd4 15.
Nd1 Bxh3 16. Re1 O-O 17. e5 c5 18. Ng5 Qc8 19. Bc4 Bg4 20. Qe4 Bf5 21. Qe2 h6
22. Nf3 Re8 23. Rc1 a6 24. Bd3 Qd7 25. c3 Bg4 26. cxd4 cxd4 27. Qe4 Rad8 28.
Kg2 Kh7 29. Rc4 Re7 30. Rxd4 Bxf3+ 31. Qxf3 Qxd4 32. Re4 Qxd3 0-1

[Event "XIV Open"]
[Site "Saint Vincent - Chatillon ITA"]
[Date "2006.10.06"]
[Round "7"]
[White "Petrescu, Cristian"]
[Black "Battistella, Stefano"]
[Result "1-0"]
[WhiteElo "2070"]
[BlackElo "2065"]
[PlyCount "55"]
[EventDate "2006.09.30"]

1. e4 e5 2. Nf3 Nf6 3. Nxe5 d6 4. Nf3 Nxe4 5. d4 d5 6. Bd3 Be7 7. O-O Nc6 8. c4
Nb4 9. Be2 Be6 10. Nc3 O-O 11. Re1 Bf5 12. Bf1 Nxc3 13. bxc3 Nc2 14. Re5 Be4
15. Rb1 Nxd4 16. Rxb7 Nxf3+ 17. gxf3 Bd6 18. Rg5 dxc4 19. Rxg7+ Kh8 20. Qd4
Bxh2+ 21. Kxh2 Qxd4 22. cxd4 Bxb7 23. Rg5 f5 24. d5 c3 25. Be3 Rf6 26. Bd4 Raf8
27. Bxc3 Bc8 28. Bc4 1-0

[Event "XIV Open"]
[Site "Saint Vincent - Chatillon ITA"]
[Date "2006.10.06"]
[Round "7"]
[White "Pieri, Enzo"]
[Black "Testa, Adriano"]
[Result "0-1"]
[WhiteElo "1940"]
[BlackElo "1729"]
[PlyCount "108"]
[EventDate "2006.09.30"]

1. e4 d5 2. exd5 Qxd5 3. Nc3 Qa5 4. Nf3 Nf6 5. d3 c6 6. Bd2 Qc7 7. g3 g6 8. Bg2
Bg7 9. O-O O-O 10. Rb1 Nbd7 11. b4 Nd5 12. Nxd5 cxd5 13. d4 Nb6 14. Rb3 Bd7 15.
Bf4 Qd8 16. Qe2 a6 17. Re1 e6 18. Ne5 Bb5 19. Qd2 Nc4 20. Nxc4 Bxc4 21. Rb2 Qb6
22. Be3 Rfc8 23. a4 Qc6 24. Ra1 Qe8 25. Bf1 Bxf1 26. Kxf1 Qc6 27. Ra3 Bf8 28.
Ke1 Qd7 29. Rba2 Rc4 30. Rb3 Rac8 31. Qd3 Rxb4 32. Rxb4 Bxb4+ 33. Bd2 Bxd2+ 34.
Kxd2 Qc6 35. Qb3 b6 36. Rb2 Rb8 37. Kd3 b5 38. Qa3 Qc4+ 39. Ke3 b4 40. Qb3 a5
41. Qd3 Rc8 42. Qxc4 Rxc4 43. Kd3 Rc3+ 44. Kd2 Rf3 45. Ke2 Ra3 46. Rb3 Rxb3 47.
cxb3 f6 48. f4 Kf7 49. Ke3 Ke7 50. g4 Kd6 51. h4 e5 52. f5 exd4+ 53. Kxd4 gxf5
54. gxf5 h5 0-1

[Event "XIV Open"]
[Site "Saint Vincent - Chatillon ITA"]
[Date "2006.10.06"]
[Round "7"]
[White "Poletti, Fausto"]
[Black "Astengo, Corrado"]
[Result "1-0"]
[WhiteElo "2096"]
[BlackElo "2119"]
[PlyCount "77"]
[EventDate "2006.09.30"]

1. Nf3 Nf6 2. g3 e6 3. Bg2 d5 4. O-O c5 5. d3 Nc6 6. Re1 Be7 7. Nbd2 a6 8. e4
d4 9. e5 Nd5 10. Nf1 Qc7 11. h4 h6 12. N1h2 b5 13. Qe2 Bb7 14. Kh1 Rc8 15. Bd2
Qb8 16. a3 Qa8 17. Ng1 Nc7 18. f4 g5 19. h5 Rg8 20. Nh3 gxf4 21. Bxf4 Bg5 22.
Bxg5 hxg5 23. Ng4 Ke7 24. Qf2 Rcf8 25. Qf6+ Ke8 26. Nxg5 Nxe5 27. Qxe5 Bxg2+
28. Kh2 Nd5 29. Re2 Bf3 30. Nxe6 fxe6 31. Qxe6+ Kd8 32. Qd6+ Kc8 33. Rf2 Ne3
34. Ne5 Qd5 35. Qxa6+ Qb7 36. Qe6+ Kd8 37. Rxf3 Rxf3 38. Qxg8+ Kc7 39. Qg7+ 1-0

[Event "XIV Open"]
[Site "Saint Vincent - Chatillon ITA"]
[Date "2006.10.06"]
[Round "7"]
[White "Rotstein, Arkadij"]
[Black "Piscopo, Pierluigi"]
[Result "1-0"]
[WhiteElo "2521"]
[BlackElo "2393"]
[PlyCount "83"]
[EventDate "2006.09.30"]

1. d4 c5 2. d5 Nf6 3. c4 e6 4. Nc3 exd5 5. cxd5 d6 6. Nf3 g6 7. Bf4 Bg7 8. Qa4+
Bd7 9. Qb3 Qc7 10. e4 O-O 11. Nd2 Nh5 12. Be3 f5 13. exf5 gxf5 14. Be2 Be8 15.
Nf3 f4 16. Bd2 Qe7 17. O-O Nd7 18. Rae1 Bg6 19. Qd1 Rae8 20. Nb5 Ndf6 21. Nh4
Qd7 22. Nxg6 hxg6 23. Nxa7 f3 24. gxf3 Qh3 25. Nb5 Nd7 26. f4 Nxf4 27. Bxf4
Rxf4 28. Qd3 Qh6 29. Nc7 Re5 30. Ne6 Rh4 31. Qg3 Rxd5 32. f4 Rd2 33. Ng5 Bd4+
34. Kh1 Nf6 35. h3 d5 36. Bf3 Rxb2 37. Re7 c4 38. Bg2 Rg4 39. Bxd5+ Nxd5 40.
Re8+ Kg7 41. Qxg4 Nf6 42. Re7+ 1-0

[Event "XIV Open"]
[Site "Saint Vincent - Chatillon ITA"]
[Date "2006.10.06"]
[Round "7"]
[White "Roversi, Stefano"]
[Black "Fragni, Enrico"]
[Result "1-0"]
[WhiteElo "1857"]
[BlackElo "1859"]
[PlyCount "107"]
[EventDate "2006.09.30"]

1. e4 e5 2. Nf3 d6 3. d4 Nc6 4. d5 Nb8 5. c4 Be7 6. Nc3 Nf6 7. Bd3 O-O 8. O-O
Bg4 9. h3 Bh5 10. g4 Bg6 11. Be3 c5 12. Nh4 Nxg4 13. Nxg6 Nxe3 14. Nxe7+ Qxe7
15. fxe3 Qg5+ 16. Kh2 Qxe3 17. Qf3 Qh6 18. Nb5 Nd7 19. Rf2 a6 20. Nc3 Nf6 21.
Rg1 Nh5 22. Ne2 b5 23. Ng3 Nxg3 24. Qxg3 bxc4 25. Bxc4 Ra7 26. Qg5 Qxg5 27.
Rxg5 f6 28. Rg3 a5 29. Rb3 Rd8 30. Rb6 Kf7 31. Rf3 a4 32. Ra3 Ke7 33. Bb5 Rda8
34. Bc6 Rc8 35. b3 Rac7 36. Rxa4 g6 37. Rb7 f5 38. Raa7 Rxb7 39. Rxb7+ Kf6 40.
Rxh7 Kg5 41. exf5 gxf5 42. Rd7 Kf4 43. Rxd6 Rg8 44. Re6 e4 45. d6 Kf3 46. Rf6
Rg5 47. d7 Rg2+ 48. Kh1 Rd2 49. Rxf5+ Kg3 50. Rd5 Rh2+ 51. Kg1 Rg2+ 52. Kf1
Rf2+ 53. Ke1 e3 54. d8=Q 1-0

[Event "XIV Open"]
[Site "Saint Vincent - Chatillon ITA"]
[Date "2006.10.06"]
[Round "7"]
[White "Tiviakov, Sergei"]
[Black "D'Amore, Carlo"]
[Result "1-0"]
[WhiteElo "2668"]
[BlackElo "2470"]
[PlyCount "85"]
[EventDate "2006.09.30"]

1. e4 g6 2. d4 Bg7 3. c3 d6 4. Nf3 Nf6 5. Bd3 O-O 6. O-O Nc6 7. d5 Nb8 8. c4
Bg4 9. h3 Bxf3 10. Qxf3 c6 11. Nc3 Nbd7 12. Qe2 cxd5 13. exd5 Re8 14. Be3 e6
15. dxe6 Rxe6 16. Qd2 a6 17. Rad1 Qc7 18. b3 Rae8 19. Bf4 Nc5 20. Bb1 Qc6 21.
Nd5 b5 22. Nxf6+ Rxf6 23. cxb5 axb5 24. Rfe1 Bf8 25. Rxe8 Qxe8 26. Be3 Re6 27.
Rc1 Bg7 28. Bc2 h5 29. b4 Ne4 30. Qd3 d5 31. Bb3 Nf6 32. Rc5 Bf8 33. Rxb5 Rxe3
34. fxe3 Bh6 35. Kf1 Bxe3 36. Bxd5 Kg7 37. Rb7 Qe5 38. Rxf7+ Kh6 39. Bf3 Bb6
40. Rb7 Bd4 41. Rb5 Qf4 42. Ke2 g5 43. Qd2 1-0

[Event "XIV Open"]
[Site "Saint Vincent - Chatillon ITA"]
[Date "2006.10.06"]
[Round "7"]
[White "Zaccaria, Sonia"]
[Black "Berlier, Filippo"]
[Result "1-0"]
[WhiteElo "1413"]
[BlackElo "1383"]
[PlyCount "67"]
[EventDate "2006.09.30"]

1. e4 d6 2. d4 e5 3. d5 Nf6 4. Bd3 Be7 5. Nf3 O-O 6. Be3 Nbd7 7. Nbd2 Nb6 8.
Qe2 Bd7 9. h3 c6 10. c4 cxd5 11. cxd5 Na4 12. b3 Nc3 13. Qf1 Qa5 14. Qg1 b5 15.
Qh2 Rfc8 16. O-O a6 17. a3 Qd8 18. Nb1 h6 19. Bd2 Ncxe4 20. Bxe4 Nxe4 21. Re1
Nxd2 22. Nbxd2 f6 23. Ne4 Bf5 24. Qg3 Bxe4 25. Rxe4 Rc5 26. Nh4 Qd7 27. Qg6 Qe8
28. Qg4 Bf8 29. Nf5 g6 30. Re3 Rxd5 31. Rg3 Kh7 32. Rc1 Qe6 33. Rc7+ Kh8 34.
Qxg6 1-0

[Event "XIV Open"]
[Site "Saint Vincent - Chatillon ITA"]
[Date "2006.10.07"]
[Round "8"]
[White "Anfuso, Luigi"]
[Black "Zaccaria, Sonia"]
[Result "1-0"]
[WhiteElo "1485"]
[BlackElo "1413"]
[PlyCount "73"]
[EventDate "2006.09.30"]

1. d4 d5 2. c4 dxc4 3. Nf3 Nf6 4. e3 Bg4 5. Bxc4 e6 6. O-O Bd6 7. Nc3 O-O 8. e4
e5 9. dxe5 Bxf3 10. Qxf3 Bxe5 11. Bg5 Qc8 12. Rad1 Nc6 13. Be3 Ne7 14. Bd4 Ng6
15. Bb3 Rd8 16. Bxe5 Nxe5 17. Qg3 Rxd1 18. Rxd1 Qe8 19. f3 c6 20. Rd6 Qe7 21.
Rd2 Nh5 22. Qe1 Qg5 23. Qe2 Nf4 24. Qd1 h6 25. Kh1 Kh7 26. g3 Nh3 27. f4 Qg4
28. fxe5 Qc8 29. Qf1 Ng5 30. Qf5+ g6 31. Qf6 Qc7 32. e6 Nxe6 33. Bxe6 fxe6 34.
Qxe6 Qb6 35. Rd7+ Kh8 36. Qf6+ Kg8 37. Qg7# 1-0

[Event "XIV Open"]
[Site "Saint Vincent - Chatillon ITA"]
[Date "2006.10.07"]
[Round "8"]
[White "Astengo, Corrado"]
[Black "Martinez, Guido"]
[Result "1-0"]
[WhiteElo "2119"]
[BlackElo "1969"]
[PlyCount "85"]
[EventDate "2006.09.30"]

1. e4 e5 2. Nf3 Nc6 3. Bb5 Nf6 4. O-O d6 5. d4 exd4 6. Nxd4 Bd7 7. Bxc6 bxc6 8.
Nc3 Be7 9. Bf4 Qb8 10. Rb1 O-O 11. Re1 Re8 12. e5 Nd5 13. Nxd5 cxd5 14. exd6
Bxd6 15. Bxd6 cxd6 16. Rxe8+ Qxe8 17. Qd2 Qd8 18. Re1 Qb6 19. b3 Kf8 20. h3 Re8
21. Rxe8+ Kxe8 22. c3 Qc5 23. Kf1 h6 24. Ke1 Qc8 25. Ne2 Qc5 26. Nf4 Be6 27.
Nd3 Qa5 28. Nb4 Qc5 29. Ke2 a5 30. Nd3 Qb5 31. Qe3 Ke7 32. Kd2 Qa6 33. Qd4 f6
34. Nf4 Qb7 35. Qe3 Qd7 36. Nxe6 Qxe6 37. Qxe6+ Kxe6 38. Ke3 Ke5 39. f4+ Kf5
40. g4+ Ke6 41. Kd4 f5 42. gxf5+ Kxf5 43. b4 1-0